[Event "1ère Maîtrise de la Loire"]
[Site "Sautron"]
[Date "2012.10.31"]
[Round "6.3"]
[White "Shishkin, Vadim"]
[Black "Ivanov, Mikhail M"]
[Result "1-0"]
[WhiteElo "2496"]
[BlackElo "2362"]
[PlyCount "67"]
[EventDate "2012.??.??"]
[EventType "tourn"]
[EventRounds "9"]
[EventCountry "FRA"]

1. d4 d5 2. c4 c6 3. Nc3 Nf6 4. Nf3 dxc4 5. a4 e6 6. e4 Bb4 7. Bg5 Qa5 8. Bd2
c5 9. Bxc4 O-O 10. e5 cxd4 11. exf6 dxc3 12. bxc3 Bxc3 13. O-O gxf6 14. Ra3
Bxd2 15. Nxd2 Rd8 16. Rg3+ Kf8 17. Bd3 Ke7 18. Qc1 Nc6 19. Ne4 Rd4 20. Bb5 Rd5
21. Qh6 Rf5 22. Rg8 Kd7 23. Qf8 Kc7 24. Bxc6 bxc6 25. Qd6+ Kb7 26. Rb1+ Qb6 27.
Rxb6+ axb6 28. Qe7+ Ka6 29. g4 Rf4 30. f3 Rxf3 31. Qc7 Bb7 32. Rxa8+ Bxa8 33.
Qb8 Bb7 34. Nd6 1-0

[Event "1ère Maîtrise de la Loire"]
[Site "Sautron"]
[Date "2012.10.31"]
[Round "6.4"]
[White "Bouget, Alexandre"]
[Black "Peric, Slavisa"]
[Result "1/2-1/2"]
[WhiteElo "2213"]
[BlackElo "2247"]
[PlyCount "27"]
[EventDate "2012.??.??"]
[EventType "tourn"]
[EventRounds "9"]
[EventCountry "FRA"]

1. d4 e6 2. c4 Bb4+ 3. Nc3 Nf6 4. a3 Bxc3+ 5. bxc3 d6 6. f3 Nc6 7. e4 e5 8. Be3
O-O 9. Bd3 b6 10. Ne2 Na5 11. Ng3 c5 12. d5 Bd7 13. O-O h6 14. Qe1 1/2-1/2

[Event "1ère Maîtrise de la Loire"]
[Site "Sautron"]
[Date "2012.10.31"]
[Round "6.5"]
[White "Barbot, Pierre"]
[Black "Crouan, Stephane"]
[Result "1-0"]
[WhiteElo "2317"]
[BlackElo "2203"]
[PlyCount "89"]
[EventDate "2012.??.??"]
[EventType "tourn"]
[EventRounds "9"]
[EventCountry "FRA"]

1. d4 Nf6 2. c4 e6 3. Nc3 c5 4. Nf3 cxd4 5. Nxd4 Bb4 6. g3 Ne4 7. Qd3 Nxc3 8.
bxc3 Be7 9. Bg2 Nc6 10. Bf4 g5 11. Nxc6 dxc6 12. Qxd8+ Bxd8 13. Be3 Bf6 14. Kd2
e5 15. Rab1 Bf5 16. Rb4 O-O-O+ 17. Kc1 a6 18. Bb6 Rd7 19. e4 Be6 20. Kc2 h5 21.
h3 Bd8 22. Be3 Be7 23. c5 f5 24. exf5 Bxf5+ 25. Be4 Bxe4+ 26. Rxe4 Bf6 27. Rd1
Rd5 28. Rxd5 cxd5 29. Rb4 Rf8 30. Kd3 Kc7 31. Ke2 e4 32. Kd2 Be5 33. Rb3 g4 34.
hxg4 hxg4 35. Rb1 Kc8 36. Rh1 Rh8 37. Rxh8+ Bxh8 38. Bd4 Bxd4 39. cxd4 b5 40.
cxb6 Kb7 41. Ke3 Kxb6 42. Kf4 Kb5 43. Ke5 Kc4 44. a3 a5 45. a4 1-0

[Event "1ère Maîtrise de la Loire"]
[Site "Sautron"]
[Date "2012.11.01"]
[Round "7.1"]
[White "Crouan, Stephane"]
[Black "Laurent, Julien G"]
[Result "1/2-1/2"]
[WhiteElo "2203"]
[BlackElo "2332"]
[PlyCount "203"]
[EventDate "2012.??.??"]
[EventType "tourn"]
[EventRounds "9"]
[EventCountry "FRA"]

1. c4 Nf6 2. Nf3 c5 3. Nc3 e6 4. g3 b6 5. Bg2 Bb7 6. O-O Be7 7. b3 O-O 8. d4
Ne4 9. Nxe4 Bxe4 10. Be3 Bf6 11. Ne5 Bxg2 12. Kxg2 Bxe5 13. dxe5 Qc7 14. f4 Rd8
15. Qc2 Nc6 16. Rad1 d6 17. exd6 Rxd6 18. Rxd6 Qxd6 19. Rd1 Qc7 20. Qe4 Rd8 21.
Rxd8+ Nxd8 22. Bd2 Qd7 23. Bc3 f6 24. Kf2 Nb7 25. g4 Nd6 26. Qa8+ Kf7 27. e4
Qb7 28. Qxb7+ Nxb7 29. Ke3 Nd8 30. b4 cxb4 31. Bxb4 Nc6 32. Bd6 Ke8 33. h4 Kd7
34. Ba3 g6 35. Kd3 g5 36. hxg5 fxg5 37. fxg5 Ne5+ 38. Kd4 Nxg4 39. Bb4 Kc6 40.
a4 e5+ 41. Kd3 Nf2+ 42. Ke3 Nd1+ 43. Kf3 Nb2 44. Kg4 Nxa4 45. Kf5 a5 46. Ba3
Nc5 47. Kxe5 Kd7 48. Kd5 Ne6 49. Bc1 a4 50. e5 Nc7+ 51. Ke4 Ke6 52. Be3 b5 53.
cxb5 Nxb5 54. Bc1 a3 55. Kf4 a2 56. Bb2 Na3 57. Kg4 Nc4 58. Ba1 Nxe5+ 59. Kh5
Kf5 60. Kh6 Nf3 61. Kxh7 Nxg5+ 62. Kh6 Nf3 63. Kh5 Nd2 64. Kh4 Kf4 65. Kh3 Kf3
66. Kh4 Nb3 67. Bb2 Nc1 68. Ba1 Nb3 69. Bb2 Nd2 70. Ba1 Ne4 71. Kh3 Nf2+ 72.
Kh2 Nd1 73. Kg1 Ke3 74. Kg2 Kd3 75. Kf3 Kd2 76. Ke4 Ne3 77. Kf3 Nc2 78. Bb2
Ne1+ 79. Ke4 Kc2 80. Ba1 Kd2 81. Bb2 Nd3 82. Ba1 Nc5+ 83. Kf3 Nb3 84. Bg7 Kd3
85. Bb2 Kc2 86. Bg7 Nd2+ 87. Ke2 Ne4 88. Ba1 Nc3+ 89. Ke1 Na4 90. Ke2 Nc5 91.
Ke3 Na4 92. Ke2 Nb6 93. Ke1 Nc4 94. Ke2 Nb2 95. Ke1 Nc4 96. Ke2 Kb1 97. Kd1 Na5
98. Bf6 Nc6 99. Kd2 Na5 100. Kd1 Nc4 101. Ba1 Kxa1 102. Kc2 1/2-1/2

[Event "1ère Maîtrise de la Loire"]
[Site "Sautron"]
[Date "2012.11.01"]
[Round "7.2"]
[White "Peric, Slavisa"]
[Black "Barbot, Pierre"]
[Result "0-1"]
[WhiteElo "2247"]
[BlackElo "2317"]
[PlyCount "118"]
[EventDate "2012.??.??"]
[EventType "tourn"]
[EventRounds "9"]
[EventCountry "FRA"]

1. d4 Nf6 2. Nf3 g6 3. Nbd2 d5 4. e3 Bg7 5. b4 O-O 6. Bb2 b6 7. Be2 c5 8. bxc5
bxc5 9. dxc5 Na6 10. Bd4 Qa5 11. O-O Nxc5 12. Nb3 Nxb3 13. cxb3 Ba6 14. Qe1 Qa3
15. Bxa6 Qxa6 16. Qb4 e6 17. Rfc1 Rfb8 18. Qd2 Ne4 19. Qb2 Bf8 20. a3 Qb5 21.
Rab1 a5 22. Ne5 h5 23. a4 Qb7 24. g4 hxg4 25. Nxg4 Qe7 26. Nf6+ Nxf6 27. Bxf6
Qb4 28. h3 Rc8 29. Rd1 Qa3 30. Qd4 Rab8 31. Qh4 Bg7 32. Bxg7 Kxg7 33. Qd4+ Kg8
34. Qb2 Qxb2 35. Rxb2 Rc3 36. Rdb1 Rb4 37. Kf1 d4 38. exd4 Rxh3 39. Ke2 Rxd4
40. b4 Rxb4 41. Rxb4 axb4 42. Rxb4 Ra3 43. f4 Kg7 44. Kd2 Kf6 45. Kc2 e5 46.
fxe5+ Kxe5 47. Kb2 Rd3 48. a5 Rd6 49. Kb3 g5 50. Ra4 Ra6 51. Kc4 f5 52. Kb5 Ra8
53. Kb6 g4 54. Kb7 Rg8 55. a6 g3 56. Ra5+ Kf6 57. a7 g2 58. Ra1 f4 59. Rg1 f3
0-1

[Event "1ère Maîtrise de la Loire"]
[Site "Sautron"]
[Date "2012.11.01"]
[Round "7.3"]
[White "Ivanov, Mikhail M"]
[Black "Bouget, Alexandre"]
[Result "1-0"]
[WhiteElo "2362"]
[BlackElo "2213"]
[PlyCount "103"]
[EventDate "2012.??.??"]
[EventType "tourn"]
[EventRounds "9"]
[EventCountry "FRA"]

1. Nf3 Nf6 2. c4 g6 3. b3 Bg7 4. Bb2 O-O 5. g3 d6 6. Bg2 e5 7. O-O Bd7 8. d4
Nc6 9. dxe5 Ng4 10. Nc3 Ngxe5 11. Qd2 Rb8 12. Rfd1 Nxf3+ 13. Bxf3 Ne5 14. Bg2
Bc6 15. Nd5 Bxd5 16. cxd5 Re8 17. Rac1 Qd7 18. f4 Ng4 19. Bxg7 Kxg7 20. Qc3+
Kg8 21. e4 Qb5 22. h3 Qb6+ 23. Rd4 Nf6 24. Kh2 Nh5 25. Rc4 Rbc8 26. Rc2 f5 27.
e5 Re7 28. Rb4 Qa6 29. Qc4 Qxc4 30. Rbxc4 Rd7 31. exd6 Rxd6 32. Rxc7 Rxc7 33.
Rxc7 Nf6 34. Rxb7 a6 35. Ra7 Kf8 36. b4 Ke8 37. Bf3 Kd8 38. g4 fxg4 39. hxg4
Nxd5 40. Bxd5 Rxd5 41. Rxh7 Rd4 42. Kg3 Rxb4 43. Rh6 Ra4 44. Rxg6 Ke7 45. f5
Rxa2 46. Kf4 a5 47. Ra6 a4 48. Kg5 a3 49. f6+ Kf7 50. Ra7+ Ke6 51. Re7+ Kd6 52.
Re3 1-0

[Event "1ère Maîtrise de la Loire"]
[Site "Sautron"]
[Date "2012.11.01"]
[Round "7.4"]
[White "Ivanov, Jordan"]
[Black "Shishkin, Vadim"]
[Result "1/2-1/2"]
[WhiteElo "2374"]
[BlackElo "2496"]
[PlyCount "56"]
[EventDate "2012.??.??"]
[EventType "tourn"]
[EventRounds "9"]
[EventCountry "FRA"]

1. Nf3 Nf6 2. c4 g6 3. Nc3 d5 4. cxd5 Nxd5 5. Qb3 Nb6 6. d4 Bg7 7. e4 Bg4 8.
Be3 O-O 9. O-O-O e6 10. Ne2 Nc6 11. h3 Bxf3 12. gxf3 Na5 13. Qc2 Nac4 14. h4
Nxe3 15. fxe3 Qe7 16. Nc3 Rfd8 17. f4 c5 18. e5 cxd4 19. exd4 Rac8 20. Kb1 Qb4
21. a3 Qa5 22. Qb3 Rd7 23. h5 Rcd8 24. hxg6 hxg6 25. Nb5 a6 26. Nd6 Rxd6 27.
exd6 Rxd6 28. Bg2 Qf5+ 1/2-1/2

[Event "1ère Maîtrise de la Loire"]
[Site "Sautron"]
[Date "2012.11.01"]
[Round "7.5"]
[White "Duboue, Peio"]
[Black "Dumitrache, Dragos-Nicolae"]
[Result "0-1"]
[WhiteElo "2294"]
[BlackElo "2452"]
[PlyCount "98"]
[EventDate "2012.??.??"]
[EventType "tourn"]
[EventRounds "9"]
[EventCountry "FRA"]

1. e4 e5 2. Nf3 Nc6 3. Bc4 Bc5 4. c3 Nf6 5. d3 a6 6. Bb3 d6 7. O-O h6 8. d4 Ba7
9. dxe5 Nxe5 10. Nxe5 dxe5 11. Qxd8+ Kxd8 12. Re1 Ke7 13. Be3 Bxe3 14. Rxe3 Rd8
15. f3 Be6 16. Bxe6 Rd1+ 17. Kf2 Kxe6 18. Re1 Rad8 19. Ke2 R1d3 20. Kf2 Nd7 21.
Na3 Rd2+ 22. Re2 Nc5 23. Kf1 Rxe2 24. Kxe2 Nd3 25. g3 Nxb2 26. Rb1 Na4 27. Rxb7
Nxc3+ 28. Ke3 Nxa2 29. Rxc7 Nb4 30. Nc4 Rd7 31. Rxd7 Kxd7 32. Nxe5+ Ke6 33. f4
f5 34. exf5+ Kxf5 35. Kd4 h5 36. Ke3 a5 37. h3 a4 38. g4+ Ke6 39. Nc4 h4 40.
f5+ Kf6 41. Kf4 Nd3+ 42. Ke3 Nb2 43. Na3 Ke5 44. Kd2 Ke4 45. Kc2 Nd3 46. Nb1
Nf2 47. Nc3+ Kf4 48. Ne2+ Kg5 49. Ng1 Nxh3 0-1

[Event "1ère Maîtrise de la Loire"]
[Site "Sautron"]
[Date "2012.11.02"]
[Round "8.1"]
[White "Laurent, Julien G"]
[Black "Dumitrache, Dragos-Nicolae"]
[Result "1/2-1/2"]
[WhiteElo "2332"]
[BlackElo "2452"]
[PlyCount "41"]
[EventDate "2012.??.??"]
[EventType "tourn"]
[EventRounds "9"]
[EventCountry "FRA"]

1. c4 e5 2. g3 g6 3. Bg2 Bg7 4. Nc3 d6 5. e4 Nc6 6. Nge2 h5 7. d3 h4 8. h3 hxg3
9. fxg3 Be6 10. Be3 Qd7 11. Nd5 Nd8 12. g4 c6 13. Ng3 f6 14. Nc3 Ne7 15. Qf3
Nf7 16. Rf1 Qc7 17. Qf2 Qa5 18. Bd2 Qb6 19. Be3 Qa5 20. Bd2 Qb6 21. Be3 1/2-1/2

[Event "1ère Maîtrise de la Loire"]
[Site "Sautron"]
[Date "2012.11.02"]
[Round "8.2"]
[White "Shishkin, Vadim"]
[Black "Duboue, Peio"]
[Result "1-0"]
[WhiteElo "2496"]
[BlackElo "2294"]
[PlyCount "67"]
[EventDate "2012.??.??"]
[EventType "tourn"]
[EventRounds "9"]
[EventCountry "FRA"]

1. d4 d5 2. c4 dxc4 3. e4 e5 4. Nf3 exd4 5. Bxc4 Bb4+ 6. Bd2 Bxd2+ 7. Nbxd2 c5
8. Rc1 Nd7 9. e5 Nh6 10. O-O O-O 11. Re1 Kh8 12. Ne4 Rb8 13. Qd3 Nb6 14. e6
fxe6 15. Neg5 Rf5 16. Nxe6 Qd6 17. Neg5 Bd7 18. g4 Nxc4 19. gxf5 Nxb2 20. Qb3
Qb6 21. Nf7+ Nxf7 22. Qxf7 Ba4 23. Re6 Qd8 24. Rxc5 Bc6 25. Re7 Qf8 26. Qxf8+
Rxf8 27. Nxd4 Nd3 28. Ra5 Nb4 29. Rae5 Nxa2 30. Nxc6 bxc6 31. Rxa7 Nb4 32. f6
g6 33. Ree7 Rxf6 34. Re8+ 1-0

[Event "1ère Maîtrise de la Loire"]
[Site "Sautron"]
[Date "2012.11.02"]
[Round "8.3"]
[White "Bouget, Alexandre"]
[Black "Ivanov, Jordan"]
[Result "1-0"]
[WhiteElo "2213"]
[BlackElo "2374"]
[PlyCount "59"]
[EventDate "2012.??.??"]
[EventType "tourn"]
[EventRounds "9"]
[EventCountry "FRA"]

1. d4 d6 2. Nf3 Nf6 3. c4 g6 4. Nc3 Bf5 5. h3 Bg7 6. g4 Bc8 7. Bg2 h5 8. g5
Nfd7 9. e4 e5 10. d5 a5 11. Be3 Nc5 12. b3 Nbd7 13. a3 Nb6 14. Rb1 Bd7 15. b4
axb4 16. axb4 Nca4 17. Nxa4 Bxa4 18. Qd3 Bd7 19. O-O O-O 20. c5 Nc8 21. Rfc1 f5
22. gxf6 Bxf6 23. Qd2 Na7 24. b5 Bxb5 25. cxd6 c6 26. Ra1 Ba6 27. Bxa7 Rxa7 28.
dxc6 bxc6 29. Rxc6 Qa8 30. Qa2+ 1-0

[Event "1ère Maîtrise de la Loire"]
[Site "Sautron"]
[Date "2012.11.02"]
[Round "8.4"]
[White "Barbot, Pierre"]
[Black "Ivanov, Mikhail M"]
[Result "1/2-1/2"]
[WhiteElo "2317"]
[BlackElo "2362"]
[PlyCount "49"]
[EventDate "2012.??.??"]
[EventType "tourn"]
[EventRounds "9"]
[EventCountry "FRA"]

1. e4 e5 2. Nf3 Nc6 3. d4 exd4 4. Nxd4 Qf6 5. Be3 Bc5 6. c3 Nge7 7. Bc4 Qg6 8.
O-O Ne5 9. Be2 d6 10. f4 Qxe4 11. Bf2 Bxd4 12. cxd4 N5g6 13. g3 Bh3 14. Bf3 Qf5
15. Re1 d5 16. Qb3 O-O 17. Nc3 c6 18. Qxb7 Rfb8 19. Qa6 Rxb2 20. Na4 Rbb8 21.
Nc5 h5 22. Rac1 Bg4 23. Bg2 h4 24. Nb3 Qh5 25. Qd3 1/2-1/2

[Event "1ère Maîtrise de la Loire"]
[Site "Sautron"]
[Date "2012.11.02"]
[Round "8.5"]
[White "Crouan, Stephane"]
[Black "Peric, Slavisa"]
[Result "1/2-1/2"]
[WhiteElo "2203"]
[BlackElo "2247"]
[PlyCount "27"]
[EventDate "2012.??.??"]
[EventType "tourn"]
[EventRounds "9"]
[EventCountry "FRA"]

1. e4 e6 2. d4 d5 3. Nc3 Bb4 4. e5 Qd7 5. a3 Bxc3+ 6. bxc3 b6 7. Qg4 f5 8. Qg3
Ba6 9. Bxa6 Nxa6 10. Ne2 Qf7 11. h4 O-O-O 12. a4 Ne7 13. a5 Kb7 14. Qd3 1/2-1/2

[Event "1ère Maîtrise de la Loire"]
[Site "Sautron"]
[Date "2012.11.03"]
[Round "9.1"]
[White "Peric, Slavisa"]
[Black "Laurent, Julien G"]
[Result "1/2-1/2"]
[WhiteElo "2247"]
[BlackElo "2332"]
[PlyCount "28"]
[EventDate "2012.??.??"]
[EventType "tourn"]
[EventRounds "9"]
[EventCountry "FRA"]

1. d4 Nf6 2. Nc3 g6 3. e4 d6 4. h3 Bg7 5. g3 O-O 6. Bg2 c6 7. a4 a5 8. Nge2
Nbd7 9. Be3 Rb8 10. f4 e5 11. O-O Qc7 12. g4 exf4 13. Bxf4 h5 14. g5 Ne8
1/2-1/2

[Event "1ère Maîtrise de la Loire"]
[Site "Sautron"]
[Date "2012.11.03"]
[Round "9.2"]
[White "Ivanov, Mikhail M"]
[Black "Crouan, Stephane"]
[Result "1-0"]
[WhiteElo "2362"]
[BlackElo "2203"]
[PlyCount "39"]
[EventDate "2012.??.??"]
[EventType "tourn"]
[EventRounds "9"]
[EventCountry "FRA"]

1. Nf3 Nf6 2. c4 g6 3. Nc3 Bg7 4. g3 O-O 5. Bg2 c5 6. d4 cxd4 7. Nxd4 Nc6 8.
O-O a6 9. c5 Qc7 10. Nb3 b5 11. cxb6 Qxb6 12. Be3 Qd8 13. Rc1 Qe8 14. Na4 Rb8
15. h3 d5 16. Nb6 Be6 17. Nc5 Nb4 18. Nxe6 fxe6 19. a3 Nc6 20. Qa4 1-0

[Event "1ère Maîtrise de la Loire"]
[Site "Sautron"]
[Date "2012.11.03"]
[Round "9.3"]
[White "Ivanov, Jordan"]
[Black "Barbot, Pierre"]
[Result "0-1"]
[WhiteElo "2374"]
[BlackElo "2317"]
[PlyCount "68"]
[EventDate "2012.??.??"]
[EventType "tourn"]
[EventRounds "9"]
[EventCountry "FRA"]

1. Nf3 c5 2. c4 Nf6 3. Nc3 Nc6 4. e3 g6 5. d4 cxd4 6. exd4 d5 7. Bg5 dxc4 8.
Bxc4 Bg7 9. d5 Nb8 10. O-O O-O 11. Re1 Nbd7 12. a4 Nb6 13. Ba2 Bd7 14. d6 exd6
15. a5 Nc8 16. Nd5 Bc6 17. Qd2 Rb8 18. Rad1 Bxd5 19. Bxd5 Ne7 20. Ba2 Nc6 21.
b4 d5 22. Qf4 Rc8 23. h3 Qc7 24. Qh4 Qd6 25. b5 Nxa5 26. Qa4 b6 27. Bf4 Qd7 28.
Ne5 Qf5 29. Nc6 Nxc6 30. bxc6 Ne4 31. Rxd5 Qxf4 32. Rxe4 Qc1+ 33. Kh2 Qxc6 34.
Qb3 Qf6 0-1

[Event "1ère Maîtrise de la Loire"]
[Site "Sautron"]
[Date "2012.11.03"]
[Round "9.4"]
[White "Duboue, Peio"]
[Black "Bouget, Alexandre"]
[Result "1/2-1/2"]
[WhiteElo "2294"]
[BlackElo "2213"]
[PlyCount "96"]
[EventDate "2012.??.??"]
[EventType "tourn"]
[EventRounds "9"]
[EventCountry "FRA"]

1. e4 c5 2. Nf3 Nc6 3. d4 cxd4 4. Nxd4 e5 5. Nb5 d6 6. N1c3 a6 7. Na3 b5 8. Nd5
Nge7 9. c4 Nd4 10. Be3 Nxd5 11. cxd5 Be7 12. Bd3 O-O 13. O-O f5 14. Bxd4 exd4
15. exf5 Bxf5 16. Bxf5 Rxf5 17. Qxd4 Bf6 18. Qd2 Be5 19. f4 Qb6+ 20. Kh1 Raf8
21. g3 g5 22. Rf3 gxf4 23. Raf1 Kh8 24. gxf4 Qb7 25. Nc2 Qg7 26. b3 Qh6 27. Nd4
Bxd4 28. Qxd4+ Qf6 29. Rd1 Qxd4 30. Rxd4 Rc8 31. Rf2 Kg7 32. Re2 Kf7 33. Kg2
Rc5 34. Red2 Rc3 35. Re4 Rf6 36. Rde2 Rd3 37. Re7+ Kg6 38. Ra7 Rxd5 39. Ree7
Kf5 40. Rxh7 Kxf4 41. Rhf7 Rd2+ 42. Kg1 Rxf7 43. Rxf7+ Kg4 44. Rf2 Rd1+ 45. Kg2
d5 46. Rf8 Rd2+ 47. Rf2 Rd1 48. Rf8 Rd2+ 1/2-1/2

[Event "1ère Maîtrise de la Loire"]
[Site "Sautron"]
[Date "2012.11.03"]
[Round "9.5"]
[White "Dumitrache, Dragos-Nicolae"]
[Black "Shishkin, Vadim"]
[Result "1/2-1/2"]
[WhiteElo "2452"]
[BlackElo "2496"]
[PlyCount "31"]
[EventDate "2012.??.??"]
[EventType "tourn"]
[EventRounds "9"]
[EventCountry "FRA"]

1. d4 Nf6 2. Nf3 g6 3. c4 Bg7 4. Nc3 d5 5. Bg5 Ne4 6. cxd5 Nxg5 7. Nxg5 e6 8.
Nf3 exd5 9. e3 a5 10. Be2 O-O 11. O-O Re8 12. a3 Bf8 13. Ne1 c6 14. Nd3 Bf5 15.
Bg4 Bxg4 16. Qxg4 1/2-1/2